| 000 | 00862nam a2200253 i 4500 | ||
|---|---|---|---|
| 001 | 137676 | ||
| 003 | ES-MaACL | ||
| 005 | 20260122110655.0 | ||
| 007 | t| | ||
| 008 | 070214s1912 ag r ||||1| spa d | ||
| 080 | _a821.134.2(82)-82"18" | ||
| 080 | _a94(82) | ||
| 100 | 1 |
_aSaldías, Adolfo, _d1850-1914 _9101865 |
|
| 245 | 1 | 0 |
_aPáginas históricas / _cAdolfo Saldías. |
| 260 |
_aBuenos Aires : _bLa Facultad, _c1912. |
||
| 300 |
_a3 v. ; _c19 cm. |
||
| 505 | 8 | _a1. Páginas históricas (255 p.) -- 2. Páginas políticas (216 p.) -- 3. Páginas literarias (204 p.) | |
| 530 | _aDisponible en formato digital. | ||
| 651 | 4 |
_aArgentina- _xHistoria _97807 |
|
| 852 |
_aES-MaACL _jD-645-47 _cSVI |
||
| 856 | 4 |
_uhttp://bdh-rd.bne.es/viewer.vm?id=0000008539&page=1 _y(Biblioteca Digital Hispánica) |
|
| 942 | _2udc | ||
| 999 |
_c137676 _d137676 |
||